Normal view
MARC view
- Energy and Security
Entry Topical Term
001 - CONTROL NUMBER
- control field: 103541
003 - CONTROL NUMBER IDENTIFIER
- control field: NUST
005 - DATE AND TIME OF LATEST TRANSACTION
- control field: 20221124184819.0
008 - FIXED-LENGTH DATA ELEMENTS
- fixed length control field: 221124|| aca||aabn | a|a d
040 ## - CATALOGING SOURCE
- Original cataloging agency: NUST
- Transcribing agency: NUST
150 ## - HEADING--TOPICAL TERM
- Topical term or geographic name entry element: Energy and Security
670 ## - SOURCE DATA FOUND
- Source citation: Work cat.: (NUST)181459: Energy and Security Concerns in the Atlantic Community /, 1985.
